000
nam a22 7a 4500
999
_c
56110
_d
56110
003
OSt
005
20221208102516.0
008
221208b xxu||||| |||| 00| 0 eng d
040
_c
serosoft
100
_a
AIR
245
_a
ALL INDIA REPORTER
260
_a
NAGPUR :AIR PVT
_b
NAGPUR :AIR PVT
300
_a
416
942
_2
ddc
_c
04